Artistes australiens les plus écoutés sur Spotify - Statistiques

Statistiques générales
  • Ce quiz a été pris 32 fois
  • Le résultat moyen est 5 sur 20
Statistiques - réponses
Nb d'auditeurs/mois Artiste N° dans
le monde
% Correct
48 370 000 Sia 43
65%
28 030 000 AC/DC 149
58%
14 055 000 Kylie Minogue 516
58%
7 405 000 Iggy Azalea 1201
31%
10 280 000 INXS 812
31%
32 030 000 Troye Sivan 108
31%
11 460 000 Gotye 689
27%
13 780 000 Tones And I 535
23%
20 240 000 5 Seconds of Summer 290
19%
25 880 000 Bee Gees 172
15%
32 850 000 The Kid LAROI 103
15%
22 245 000 Vance Joy 239
15%
14 740 000 Empire of the Sun 493
12%
10 090 000 Flume 824
12%
23 515 000 Tame Impala 213
12%
7 370 000 Keith Urban 1275
8%
8 165 000 Men At Work 1104
8%
9 760 000 Olivia Newton-John 863
8%
17 720 000 PNAU 371
8%
18 375 000 Dean Lewis 346
4%
Aucun quiz correspondant
Distribution des résultats
% des personnes avec chaque résultat
Percentile par nombre de réponses
Votre historique - résultats
Vous n’avez pas pris ce quiz